Music Quiz

Random Music or Song Quiz

Figure Out the Disney Lyrics X Quiz Stats

 Plays Quiz Updated Dec 7, 2017

Score 0/202 Timer 10:00
21 Plays Today
% Correct
I
97.5%
I
97.5%
I
97.5%
I
97.5%
I
97.5%
I
97.5%
a
97.2%
a
97.2%
a
97.2%
a
97.2%
a
97.2%
the
95.2%
the
95.2%
the
95.2%
the
95.2%
the
95.2%
you
87.5%
you
87.4%
be
84.8%
be
84.8%
be
84.8%
'Be
84.8%
be
84.8%
be
84.8%
be
84.8%
to
82.9%
to
82.9%
to
82.9%
to
82.9%
to
82.9%
to
82.9%
and
81.6%
and
81.6%
and
81.6%
on
78%
on
78%
on
78%
go
76.4%
me
76%
in
75.5%
in
75.5%
it
75.4%
it
75.4%
is
74%
is
74%
is
74%
'Do
73.4%
do
73.4%
No
73.1%
no
73.1%
No
73.1%
No
73.1%
No
73.1%
so
71.1%
so
71.1%
my
69%
my
69%
of
68.4%
of
68.4%
of
68.4%
of
68.4%
can't
67.2%
can't
67.2%
cant
67.2%
just
67.2%
that'
67.2%
that
67.2%
just
67.2%
% Correct
just
67.2%
'See
66.9%
see
66.9%
there'
66.1%
one
65.4%
one
65.4%
one
65.4%
one
65.4%
king
65.1%
king
65.1%
king
65.1%
king
65.1%
king
65.1%
King
65.1%
king
65.1%
this'
64.7%
this
64.7%
This
64.7%
I'm
63.8%
I'm
63.8%
I'm
63.8%
I'm
63.8%
I'm
63.8%
wait
63.4%
wait
63.4%
wait
63.4%
for
62.3%
for
62.3%
where
61.4%
Like
61%
was
60.4%
gonna
59.6%
gonna
59.6%
gonna
59.6%
here'
58.8%
here
58.8%
with
58.8%
If
58%
look
57.6%
look
57.6%
look
57.6%
up
57%
mighty
55.8%
all
55.5%
all
55.5%
never
55.2%
little
55%
little
55%
roar
54.7%
hear
54.5%
way
54.5%
before
54.3%
Oh,
53.2%
Oh,
53.2%
Oh,
53.2%
I've
52.5%
beware
52.4%
working
52.2%
down
52.1%
every
52.1%
time
52.1%
seen
51.9%
out
51.6%
Out
51.6%
out
51.6%
out
51.6%
Now
51.4%
day
51.3%
% Correct
enemies
51.3%
'Stop
51.2%
hair
51.1%
it's
50.7%
It's
50.7%
saying
50.2%
saying
50.2%
saying
50.2%
saying
50.2%
quite
49.4%
heart
49.4%
heart
49.4%
mane
49.4%
Not
49.2%
event
48.9%
from
48.1%
don't
48%
right
47.4%
looking
46.5%
left
45.5%
think
45%
thing
43.8%
Everybody
43.8%
Everybody
43.8%
around
43.1%
about
42.5%
spotlight
42.2%
need
41.3%
standin'
41.2%
run
41.2%
beasts
41%
Africa
40.7%
Everywhere
40.2%
Count
40.1%
brushing
39.7%
start
39.3%
Free
39.2%
Free
39.2%
wouldn't
39%
service,
38.5%
hang
37.8%
monarchy
37.1%
advice
36.3%
Kings
36.1%
headed
36%
getting
35.7%
yet
35.1%
wing
34.9%
wing
34.9%
uninspiring
34.2%
wildly
33.9%
rather
33.6%
child
33%
hornbills
32.9%
Let
32%
arranged
31.4%
far,
30.3%
sing
30.1%
Simba's
29.9%
finest
27.5%
Thus
25.7%
fling
21.9%
Let's
21.2%
creature
21%
broke
19%
herd
16.8%

You're not logged in!

Compare scores with friends on all Sporcle quizzes.
OR
Log In

Show Comments

Extras

Top Quizzes Today


Score Distribution

Your Account Isn't Verified!

In order to create a playlist on Sporcle, you need to verify the email address you used during registration. Go to your Sporcle Settings to finish the process.

Report this User

Report this user for behavior that violates our Community Guidelines.

Details: